| 000 | 00475cam a2200193ua 4500 | ||
|---|---|---|---|
| 020 | _c3.00 | ||
| 041 |
_amal _h |
||
| 082 |
_a928.94812 _bPAN/AT |
||
| 100 | _aPanikkar, K M . | ||
| 245 |
_aAthmakatha , Part-4 , vol- ll / _cK M Panikkar. _hTextual Documents |
||
| 250 |
_a1 / _b. |
||
| 260 |
_aThrissur : _bThe Mangalodayam Pvt Ltd , _c1964. |
||
| 300 | _a256 ; . | ||
| 365 | _a3.00 | ||
| 504 | _a | ||
| 942 | _cBK | ||
| 999 |
_c4009 _d4009 |
||